<?xml version="1.0" encoding="UTF-8"?>
<record
    xmlns:xsi="http://www.w3.org/2001/XMLSchema-instance"
    xsi:schemaLocation="http://www.loc.gov/MARC21/slim http://www.loc.gov/standards/marcxml/schema/MARC21slim.xsd"
    xmlns="http://www.loc.gov/MARC21/slim">

  <leader>03913nam a22005417a 4500</leader>
  <controlfield tag="001">B-265178-200</controlfield>
  <controlfield tag="003">dpl</controlfield>
  <controlfield tag="005">2008060301361.0</controlfield>
  <controlfield tag="006">a|||||r|||||00| 1 </controlfield>
  <controlfield tag="007">ta</controlfield>
  <controlfield tag="008">080603t        xxu||||| |||| 00| 0 eng d</controlfield>
  <datafield tag="010" ind1=" " ind2=" ">
    <subfield code="a">B-265178-200</subfield>
  </datafield>
  <datafield tag="020" ind1=" " ind2=" ">
    <subfield code="a">1841352225</subfield>
    <subfield code="c">70.00</subfield>
  </datafield>
  <datafield tag="035" ind1=" " ind2=" ">
    <subfield code="a">B-265178-200</subfield>
  </datafield>
  <datafield tag="040" ind1=" " ind2=" ">
    <subfield code="a">DPL</subfield>
    <subfield code="b">English </subfield>
    <subfield code="c">DPL</subfield>
    <subfield code="d">DPL</subfield>
    <subfield code="e">DPL</subfield>
  </datafield>
  <datafield tag="082" ind1=" " ind2=" ">
    <subfield code="a">S / BLY</subfield>
  </datafield>
  <datafield tag="100" ind1=" " ind2=" ">
    <subfield code="a">Blyton, Enid</subfield>
    <subfield code="9">65</subfield>
  </datafield>
  <datafield tag="245" ind1=" " ind2=" ">
    <subfield code="a">You're a nuisance Mister Meddle / </subfield>
    <subfield code="c">by Enid Blyton; illustrated by Stephen Dell </subfield>
  </datafield>
  <datafield tag="260" ind1=" " ind2=" ">
    <subfield code="a">Nottubggansgure</subfield>
    <subfield code="b">Award Publications</subfield>
    <subfield code="c">2004</subfield>
  </datafield>
  <datafield tag="270" ind1=" " ind2=" ">
    <subfield code="a">The Old Riding School, The WElbeck Estate, Worksop, </subfield>
    <subfield code="b">Nottubggansgure</subfield>
  </datafield>
  <datafield tag="300" ind1=" " ind2=" ">
    <subfield code="a">96p. </subfield>
    <subfield code="b">ill. </subfield>
    <subfield code="c">20 cm (pbk)</subfield>
  </datafield>
  <datafield tag="490" ind1=" " ind2=" ">
    <subfield code="a">Enid Blyton Happy days series</subfield>
  </datafield>
  <datafield tag="700" ind1=" " ind2=" ">
    <subfield code="a">Dell, Stephen </subfield>
    <subfield code="9">66</subfield>
  </datafield>
  <datafield tag="942" ind1=" " ind2=" ">
    <subfield code="2">ddc</subfield>
    <subfield code="c">CH</subfield>
  </datafield>
  <datafield tag="999" ind1=" " ind2=" ">
    <subfield code="c">13189</subfield>
    <subfield code="d">13189</subfield>
  </datafield>
  <datafield tag="952" ind1=" " ind2=" ">
    <subfield code="0">0</subfield>
    <subfield code="1">0</subfield>
    <subfield code="2">ddc</subfield>
    <subfield code="4">0</subfield>
    <subfield code="7">0</subfield>
    <subfield code="8">FIC</subfield>
    <subfield code="a">M</subfield>
    <subfield code="b">M</subfield>
    <subfield code="d">2008-06-03</subfield>
    <subfield code="g">70.00</subfield>
    <subfield code="l">0</subfield>
    <subfield code="o">S / BLY</subfield>
    <subfield code="p">B-265178</subfield>
    <subfield code="r">2008-09-15 00:00:00</subfield>
    <subfield code="t">4</subfield>
    <subfield code="v">70.00</subfield>
    <subfield code="w">2008-09-15</subfield>
    <subfield code="y">CH</subfield>
  </datafield>
  <datafield tag="952" ind1=" " ind2=" ">
    <subfield code="0">0</subfield>
    <subfield code="1">0</subfield>
    <subfield code="2">ddc</subfield>
    <subfield code="4">0</subfield>
    <subfield code="7">0</subfield>
    <subfield code="8">FIC</subfield>
    <subfield code="a">M</subfield>
    <subfield code="b">M</subfield>
    <subfield code="d">2008-07-25</subfield>
    <subfield code="g">70.00</subfield>
    <subfield code="l">0</subfield>
    <subfield code="o">S / BLY</subfield>
    <subfield code="p">B-265179</subfield>
    <subfield code="r">2008-09-15 00:00:00</subfield>
    <subfield code="t">4</subfield>
    <subfield code="v">70.00</subfield>
    <subfield code="w">2008-09-15</subfield>
    <subfield code="y">CH</subfield>
  </datafield>
  <datafield tag="952" ind1=" " ind2=" ">
    <subfield code="0">0</subfield>
    <subfield code="1">0</subfield>
    <subfield code="2">ddc</subfield>
    <subfield code="4">0</subfield>
    <subfield code="7">0</subfield>
    <subfield code="8">FIC</subfield>
    <subfield code="a">M</subfield>
    <subfield code="b">M</subfield>
    <subfield code="d">2008-07-25</subfield>
    <subfield code="g">70.00</subfield>
    <subfield code="l">0</subfield>
    <subfield code="o">S / BLY</subfield>
    <subfield code="p">B-265180</subfield>
    <subfield code="r">2008-09-15 00:00:00</subfield>
    <subfield code="t">4</subfield>
    <subfield code="v">70.00</subfield>
    <subfield code="w">2008-09-15</subfield>
    <subfield code="y">CH</subfield>
  </datafield>
  <datafield tag="952" ind1=" " ind2=" ">
    <subfield code="0">0</subfield>
    <subfield code="1">0</subfield>
    <subfield code="2">ddc</subfield>
    <subfield code="4">0</subfield>
    <subfield code="7">0</subfield>
    <subfield code="8">FIC</subfield>
    <subfield code="a">M</subfield>
    <subfield code="b">M</subfield>
    <subfield code="d">2008-07-25</subfield>
    <subfield code="g">70.00</subfield>
    <subfield code="l">0</subfield>
    <subfield code="o">S / BLY</subfield>
    <subfield code="p">B-265181</subfield>
    <subfield code="r">2008-09-15 00:00:00</subfield>
    <subfield code="t">4</subfield>
    <subfield code="v">70.00</subfield>
    <subfield code="w">2008-09-15</subfield>
    <subfield code="y">CH</subfield>
  </datafield>
  <datafield tag="952" ind1=" " ind2=" ">
    <subfield code="0">0</subfield>
    <subfield code="1">0</subfield>
    <subfield code="2">ddc</subfield>
    <subfield code="4">0</subfield>
    <subfield code="7">0</subfield>
    <subfield code="8">FIC</subfield>
    <subfield code="a">NPL</subfield>
    <subfield code="b">NPL</subfield>
    <subfield code="d">2008-07-25</subfield>
    <subfield code="g">70.00</subfield>
    <subfield code="l">0</subfield>
    <subfield code="o">S / BLY</subfield>
    <subfield code="p">B-265182</subfield>
    <subfield code="r">2008-09-15 00:00:00</subfield>
    <subfield code="t">1</subfield>
    <subfield code="v">70.00</subfield>
    <subfield code="w">2008-09-15</subfield>
    <subfield code="y">CH</subfield>
  </datafield>
  <datafield tag="952" ind1=" " ind2=" ">
    <subfield code="0">0</subfield>
    <subfield code="1">0</subfield>
    <subfield code="2">ddc</subfield>
    <subfield code="4">0</subfield>
    <subfield code="7">0</subfield>
    <subfield code="8">FIC</subfield>
    <subfield code="a">L</subfield>
    <subfield code="b">L</subfield>
    <subfield code="d">2008-07-25</subfield>
    <subfield code="g">70.00</subfield>
    <subfield code="l">1</subfield>
    <subfield code="m">2</subfield>
    <subfield code="o">S / BLY</subfield>
    <subfield code="p">B-265183</subfield>
    <subfield code="r">2022-08-16 00:00:00</subfield>
    <subfield code="s">2022-07-20</subfield>
    <subfield code="t">1</subfield>
    <subfield code="v">70.00</subfield>
    <subfield code="w">2008-09-15</subfield>
    <subfield code="y">CH</subfield>
  </datafield>
  <datafield tag="952" ind1=" " ind2=" ">
    <subfield code="0">1</subfield>
    <subfield code="1">0</subfield>
    <subfield code="2">ddc</subfield>
    <subfield code="4">0</subfield>
    <subfield code="7">0</subfield>
    <subfield code="8">FIC</subfield>
    <subfield code="a">BL1</subfield>
    <subfield code="b">BL1</subfield>
    <subfield code="d">2008-07-25</subfield>
    <subfield code="g">70.00</subfield>
    <subfield code="l">0</subfield>
    <subfield code="o">S / BLY</subfield>
    <subfield code="p">B-265184</subfield>
    <subfield code="r">2008-09-15 00:00:00</subfield>
    <subfield code="t">1</subfield>
    <subfield code="v">70.00</subfield>
    <subfield code="w">2008-09-15</subfield>
    <subfield code="y">CH</subfield>
  </datafield>
  <datafield tag="952" ind1=" " ind2=" ">
    <subfield code="0">0</subfield>
    <subfield code="1">0</subfield>
    <subfield code="2">ddc</subfield>
    <subfield code="4">0</subfield>
    <subfield code="7">0</subfield>
    <subfield code="8">FIC</subfield>
    <subfield code="a">KGM</subfield>
    <subfield code="b">KGM</subfield>
    <subfield code="d">2008-07-25</subfield>
    <subfield code="g">70.00</subfield>
    <subfield code="l">0</subfield>
    <subfield code="o">S / BLY</subfield>
    <subfield code="p">B-265185</subfield>
    <subfield code="r">2008-09-15 00:00:00</subfield>
    <subfield code="t">1</subfield>
    <subfield code="v">70.00</subfield>
    <subfield code="w">2008-09-15</subfield>
    <subfield code="y">CH</subfield>
  </datafield>
  <datafield tag="952" ind1=" " ind2=" ">
    <subfield code="0">0</subfield>
    <subfield code="1">0</subfield>
    <subfield code="2">ddc</subfield>
    <subfield code="4">0</subfield>
    <subfield code="7">0</subfield>
    <subfield code="8">FIC</subfield>
    <subfield code="a">PR</subfield>
    <subfield code="b">PR</subfield>
    <subfield code="d">2008-07-25</subfield>
    <subfield code="g">70.00</subfield>
    <subfield code="l">0</subfield>
    <subfield code="o">S / BLY</subfield>
    <subfield code="p">B-265186</subfield>
    <subfield code="r">2008-09-15 00:00:00</subfield>
    <subfield code="t">1</subfield>
    <subfield code="v">70.00</subfield>
    <subfield code="w">2008-09-15</subfield>
    <subfield code="y">CH</subfield>
  </datafield>
  <datafield tag="952" ind1=" " ind2=" ">
    <subfield code="0">0</subfield>
    <subfield code="1">0</subfield>
    <subfield code="2">ddc</subfield>
    <subfield code="4">0</subfield>
    <subfield code="7">0</subfield>
    <subfield code="8">FIC</subfield>
    <subfield code="a">ZLS</subfield>
    <subfield code="b">ZLS</subfield>
    <subfield code="d">2008-07-25</subfield>
    <subfield code="g">70.00</subfield>
    <subfield code="l">0</subfield>
    <subfield code="o">S / BLY</subfield>
    <subfield code="p">B-265187</subfield>
    <subfield code="r">2008-09-15 00:00:00</subfield>
    <subfield code="t">1</subfield>
    <subfield code="v">70.00</subfield>
    <subfield code="w">2008-09-15</subfield>
    <subfield code="y">CH</subfield>
  </datafield>
  <datafield tag="952" ind1=" " ind2=" ">
    <subfield code="0">0</subfield>
    <subfield code="1">0</subfield>
    <subfield code="2">ddc</subfield>
    <subfield code="4">0</subfield>
    <subfield code="7">0</subfield>
    <subfield code="8">FIC</subfield>
    <subfield code="a">RKP</subfield>
    <subfield code="b">RKP</subfield>
    <subfield code="d">2008-07-25</subfield>
    <subfield code="g">70.00</subfield>
    <subfield code="l">0</subfield>
    <subfield code="o">S / BLY</subfield>
    <subfield code="p">B-265188</subfield>
    <subfield code="r">2008-09-15 00:00:00</subfield>
    <subfield code="t">1</subfield>
    <subfield code="v">70.00</subfield>
    <subfield code="w">2008-09-15</subfield>
    <subfield code="y">CH</subfield>
  </datafield>
  <datafield tag="952" ind1=" " ind2=" ">
    <subfield code="0">0</subfield>
    <subfield code="1">0</subfield>
    <subfield code="2">ddc</subfield>
    <subfield code="4">0</subfield>
    <subfield code="7">0</subfield>
    <subfield code="8">FIC</subfield>
    <subfield code="a">AG</subfield>
    <subfield code="b">AG</subfield>
    <subfield code="d">2008-07-25</subfield>
    <subfield code="g">70.00</subfield>
    <subfield code="l">0</subfield>
    <subfield code="o">S / BLY</subfield>
    <subfield code="p">B-265189</subfield>
    <subfield code="r">2008-09-15 00:00:00</subfield>
    <subfield code="t">1</subfield>
    <subfield code="v">70.00</subfield>
    <subfield code="w">2008-09-15</subfield>
    <subfield code="y">CH</subfield>
  </datafield>
  <datafield tag="952" ind1=" " ind2=" ">
    <subfield code="0">0</subfield>
    <subfield code="1">0</subfield>
    <subfield code="2">ddc</subfield>
    <subfield code="4">0</subfield>
    <subfield code="7">0</subfield>
    <subfield code="8">FIC</subfield>
    <subfield code="a">SP</subfield>
    <subfield code="b">SP</subfield>
    <subfield code="d">2008-07-25</subfield>
    <subfield code="g">70.00</subfield>
    <subfield code="l">0</subfield>
    <subfield code="o">S / BLY</subfield>
    <subfield code="p">B-265190</subfield>
    <subfield code="r">2008-09-15 00:00:00</subfield>
    <subfield code="t">1</subfield>
    <subfield code="v">70.00</subfield>
    <subfield code="w">2008-09-15</subfield>
    <subfield code="y">CH</subfield>
  </datafield>
  <datafield tag="952" ind1=" " ind2=" ">
    <subfield code="0">0</subfield>
    <subfield code="1">0</subfield>
    <subfield code="2">ddc</subfield>
    <subfield code="4">0</subfield>
    <subfield code="7">0</subfield>
    <subfield code="8">FIC</subfield>
    <subfield code="a">ZLS</subfield>
    <subfield code="b">ZLS</subfield>
    <subfield code="d">2008-07-25</subfield>
    <subfield code="g">70.00</subfield>
    <subfield code="l">2</subfield>
    <subfield code="o">S / BLY</subfield>
    <subfield code="p">B-265191</subfield>
    <subfield code="r">2019-07-27 00:00:00</subfield>
    <subfield code="s">2019-07-06</subfield>
    <subfield code="t">1</subfield>
    <subfield code="v">70.00</subfield>
    <subfield code="w">2008-09-15</subfield>
    <subfield code="y">CH</subfield>
  </datafield>
  <datafield tag="952" ind1=" " ind2=" ">
    <subfield code="0">0</subfield>
    <subfield code="1">0</subfield>
    <subfield code="2">ddc</subfield>
    <subfield code="4">0</subfield>
    <subfield code="7">0</subfield>
    <subfield code="8">FIC</subfield>
    <subfield code="a">NN</subfield>
    <subfield code="b">NN</subfield>
    <subfield code="d">2008-07-25</subfield>
    <subfield code="g">70.00</subfield>
    <subfield code="l">0</subfield>
    <subfield code="o">S / BLY</subfield>
    <subfield code="p">B-265192</subfield>
    <subfield code="r">2008-09-15 00:00:00</subfield>
    <subfield code="t">1</subfield>
    <subfield code="v">70.00</subfield>
    <subfield code="w">2008-09-15</subfield>
    <subfield code="y">CH</subfield>
  </datafield>
  <datafield tag="952" ind1=" " ind2=" ">
    <subfield code="0">0</subfield>
    <subfield code="1">0</subfield>
    <subfield code="2">ddc</subfield>
    <subfield code="4">0</subfield>
    <subfield code="7">0</subfield>
    <subfield code="8">FIC</subfield>
    <subfield code="a">BL3</subfield>
    <subfield code="b">BL3</subfield>
    <subfield code="d">2008-07-25</subfield>
    <subfield code="g">70.00</subfield>
    <subfield code="l">0</subfield>
    <subfield code="o">S / BLY</subfield>
    <subfield code="p">B-265193</subfield>
    <subfield code="r">2008-09-15 00:00:00</subfield>
    <subfield code="t">1</subfield>
    <subfield code="v">70.00</subfield>
    <subfield code="w">2008-09-15</subfield>
    <subfield code="y">CH</subfield>
  </datafield>
  <datafield tag="952" ind1=" " ind2=" ">
    <subfield code="0">4</subfield>
    <subfield code="1">6</subfield>
    <subfield code="2">ddc</subfield>
    <subfield code="4">0</subfield>
    <subfield code="7">0</subfield>
    <subfield code="8">FIC</subfield>
    <subfield code="a">NRR</subfield>
    <subfield code="b">NRR</subfield>
    <subfield code="d">2008-07-25</subfield>
    <subfield code="g">70.00</subfield>
    <subfield code="l">0</subfield>
    <subfield code="o">S / BLY</subfield>
    <subfield code="p">B-265194</subfield>
    <subfield code="r">2008-09-15 00:00:00</subfield>
    <subfield code="v">70.00</subfield>
    <subfield code="w">2008-09-15</subfield>
    <subfield code="y">CH</subfield>
  </datafield>
  <datafield tag="952" ind1=" " ind2=" ">
    <subfield code="0">0</subfield>
    <subfield code="1">0</subfield>
    <subfield code="2">ddc</subfield>
    <subfield code="4">0</subfield>
    <subfield code="7">0</subfield>
    <subfield code="8">FIC</subfield>
    <subfield code="a">NR</subfield>
    <subfield code="b">NR</subfield>
    <subfield code="d">2008-07-25</subfield>
    <subfield code="g">70.00</subfield>
    <subfield code="l">0</subfield>
    <subfield code="o">S / BLY</subfield>
    <subfield code="p">B-265196</subfield>
    <subfield code="r">2008-09-15 00:00:00</subfield>
    <subfield code="t">1</subfield>
    <subfield code="v">70.00</subfield>
    <subfield code="w">2008-09-15</subfield>
    <subfield code="y">CH</subfield>
  </datafield>
  <datafield tag="952" ind1=" " ind2=" ">
    <subfield code="0">0</subfield>
    <subfield code="1">0</subfield>
    <subfield code="2">ddc</subfield>
    <subfield code="4">0</subfield>
    <subfield code="7">0</subfield>
    <subfield code="8">FIC</subfield>
    <subfield code="a">BL4</subfield>
    <subfield code="b">BL4</subfield>
    <subfield code="d">2008-07-25</subfield>
    <subfield code="g">70.00</subfield>
    <subfield code="l">1</subfield>
    <subfield code="o">S / BLY</subfield>
    <subfield code="p">B-265197</subfield>
    <subfield code="r">2019-07-16 00:00:00</subfield>
    <subfield code="s">2019-07-02</subfield>
    <subfield code="t">1</subfield>
    <subfield code="v">70.00</subfield>
    <subfield code="w">2008-09-15</subfield>
    <subfield code="y">CH</subfield>
  </datafield>
  <datafield tag="952" ind1=" " ind2=" ">
    <subfield code="0">0</subfield>
    <subfield code="1">0</subfield>
    <subfield code="2">ddc</subfield>
    <subfield code="4">0</subfield>
    <subfield code="7">0</subfield>
    <subfield code="8">FIC</subfield>
    <subfield code="a">YV</subfield>
    <subfield code="b">YV</subfield>
    <subfield code="d">2008-07-25</subfield>
    <subfield code="g">70.00</subfield>
    <subfield code="l">2</subfield>
    <subfield code="o">S / BLY</subfield>
    <subfield code="p">B-265198</subfield>
    <subfield code="r">2020-07-06 00:00:00</subfield>
    <subfield code="s">2020-06-29</subfield>
    <subfield code="t">1</subfield>
    <subfield code="v">70.00</subfield>
    <subfield code="w">2008-09-15</subfield>
    <subfield code="y">CH</subfield>
  </datafield>
  <datafield tag="952" ind1=" " ind2=" ">
    <subfield code="0">0</subfield>
    <subfield code="1">0</subfield>
    <subfield code="2">ddc</subfield>
    <subfield code="4">0</subfield>
    <subfield code="7">0</subfield>
    <subfield code="8">FIC</subfield>
    <subfield code="a">VV</subfield>
    <subfield code="b">VV</subfield>
    <subfield code="d">2008-07-25</subfield>
    <subfield code="g">70.00</subfield>
    <subfield code="l">0</subfield>
    <subfield code="o">S / BLY</subfield>
    <subfield code="p">B-265199</subfield>
    <subfield code="r">2008-09-15 00:00:00</subfield>
    <subfield code="t">1</subfield>
    <subfield code="v">70.00</subfield>
    <subfield code="w">2008-09-15</subfield>
    <subfield code="y">CH</subfield>
  </datafield>
  <datafield tag="952" ind1=" " ind2=" ">
    <subfield code="0">0</subfield>
    <subfield code="1">0</subfield>
    <subfield code="2">ddc</subfield>
    <subfield code="4">0</subfield>
    <subfield code="7">0</subfield>
    <subfield code="8">FIC</subfield>
    <subfield code="a">JE</subfield>
    <subfield code="b">JE</subfield>
    <subfield code="d">2008-07-25</subfield>
    <subfield code="g">70.00</subfield>
    <subfield code="l">0</subfield>
    <subfield code="o">S / BLY</subfield>
    <subfield code="p">B-265200</subfield>
    <subfield code="r">2008-09-15 00:00:00</subfield>
    <subfield code="t">1</subfield>
    <subfield code="v">70.00</subfield>
    <subfield code="w">2008-09-15</subfield>
    <subfield code="y">CH</subfield>
  </datafield>
  <datafield tag="952" ind1=" " ind2=" ">
    <subfield code="0">0</subfield>
    <subfield code="1">0</subfield>
    <subfield code="2">ddc</subfield>
    <subfield code="4">0</subfield>
    <subfield code="7">0</subfield>
    <subfield code="8">FIC</subfield>
    <subfield code="a">BKK</subfield>
    <subfield code="b">BKK</subfield>
    <subfield code="d">2008-07-28</subfield>
    <subfield code="g">70.00</subfield>
    <subfield code="l">1</subfield>
    <subfield code="o">S BLY</subfield>
    <subfield code="p">B-265195</subfield>
    <subfield code="r">2022-07-07 00:00:00</subfield>
    <subfield code="s">2022-06-15</subfield>
    <subfield code="t">1</subfield>
    <subfield code="v">70.00</subfield>
    <subfield code="w">2008-09-15</subfield>
    <subfield code="y">CH</subfield>
  </datafield>
</record>
